| 000 | 01269nam a2200277 a 4500 | ||
|---|---|---|---|
| 003 | OSt | ||
| 005 | 20250815110712.0 | ||
| 007 | cr ||||||a|c|a | ||
| 008 | 240315s2023 mx a|||fom||| 001 0 spa d | ||
| 040 | _erda | ||
| 100 | 1 |
_9188896 _aPérez Jiménez, Iván |
|
| 245 | 1 | 0 |
_aDiagnóstico y control de arvenses en tomate de cáscara (Physalis ixocarpa Brot . ex Horm.) en Pénjamo, Guanajuato / _cIván Pérez Jiménez; director de tesis José Francisco Santiaguillo Hernández |
| 264 | 1 |
_aChapingo, México : _bEl autor, _c2023. |
|
| 300 |
_a1 recurso en línea (103 páginas): _bfiguras y cuadros... |
||
| 336 |
_2rdacontent _atexto _btxt |
||
| 337 |
_2rdamedia _acomputadora _bc |
||
| 338 |
_2rdacarrier _arecurso en línea _bcr |
||
| 502 |
_bIAS _cCentros Regionales _d2023. _gLIC |
||
| 504 | _aIncluye referencias bibliográficas: páginas 83-89 | ||
| 650 | 4 |
_9131853 _aHerbicidas _xEfecto en tomate verde |
|
| 650 | 4 |
_aMalas hierbas _xResistencia a herbicidas _970035 |
|
| 650 | 4 |
_9113824 _aTomate verde _xMalas hierbas _xControl |
|
| 700 | 1 |
_9102406 _aSantiaguillo Hernández, José Francisco _eDirector de tesis. |
|
| 856 |
_uhttp://10.13.5.2/tesis/tl/1811974-4_PEREZ_JIMENEZ_IVAN.pdf _zDESCARGAR PDF |
||
| 942 |
_2Clasificación Universidad Autónoma Chapingo _cTD |
||
| 999 |
_c219809 _d219809 |
||